000 00630nam a22002057a 4500
005 20171118131248.0
010 _aENG-121464
020 _a9789325990258
_c200.00
035 _aEN-104996
037 _bDBAD/PUB
082 _a621.3821
100 _aBanerjee, Soumen
245 _aCommunication Engineering II /
_cby Soumen Banerjee, Kaushik Das [and] Biswarup Rana
260 _aNoida
_bVikas Publishing House
_c2015
270 _aE-28, Sector 8,
_bNoida (UP)
_e201301
300 _axiii,157p.:
_c24cm(pbk)
_bill.
700 _aDas, Kaushik
700 _aRana, Biswarup
942 _2ddc
_cEN
_h621.3821
_mBAN
999 _c147545
_d147545